000 00439nam a22001697a 4500
003 OSt
005 20210917085126.0
008 210917b |||||||| |||| 00| 0 eng d
020 _a0-521-31061-x
040 _cHawassa University
050 _a595.4405/WIS
082 _21
_a595.4405/WIS
100 _aWise,David H.
_94588
245 _aSpiders in Ecological webs
260 _aNew York
_bCambridge University
_c1993
942 _2ddc
_cBOOKS
_n0
999 _c4596
_d4596